000 00499 a2200181 4500
005 20260202163904.0
008 260202b |||||||| |||| 00| 0 eng d
020 _a8186190570
_cRs.1200.00
040 _aMAIN
082 _a796.021
_bS26F
100 _aShaw, Dhananjoy
245 _aFundamental statistics in physical education and sports sciences
260 _bSports Publication
_c2017
_aNew Delhi
300 _a218
650 _aPhysical Science
650 _aSports Sciences
942 _cBK
999 _c394110
_d394110